000 00698nas a2200253 4500
001 BR8306071
003 BR-BrBNA
005 20231205085713.0
007 ta
008 230509b bl.|||p| |||| 00| 00por d
040 _aBR-BrBNA
_bpor
_cBiblioteca Nacional de Agricultura
041 _a(Pt)
072 _aN20
100 1 _aHerrmann, P.R.
100 1 _aKlingensteiner, P.
100 1 _aKrause, R.
100 1 _aFustaino, J.C.
245 1 _aQue modelo comprar? [trator]
650 _aMECANIZACAO AGRICOLA
650 _aTRATOR
773 0 _tGranja (Brazil)
_xISSN 0367-505X
_g(Jun 1983), v. 39(425) p. 48-54
_wBR8306071
909 _a202311
_bLúcia
_c55
_dLúcia Elande
942 _2AGRIS
_n0
_cANA
999 _c113203
_d113203